书目信息 |
| 题名: |
最深情莫如诗经
|
|
| 作者: | 随园散人 著 | |
| 分册: | ||
| 出版信息: | 南昌 百花洲文艺出版社 2015 |
|
| 页数: | 262页 | |
| 开本: | 21cm | |
| 丛书名: | 重温经典国学丛书 | |
| 单 册: | ||
| 中图分类: | I207.222 | |
| 科图分类: | ||
| 主题词: | ||
| 电子资源: | ||
| ISBN: | 978-7-5500-1190-8 | |
| 000 | 01061nam2 2200265 450 | |
| 001 | 012001005062 | |
| 005 | 20141007110653.0 | |
| 010 | @a978-7-5500-1190-8@dCNY28.00 | |
| 100 | @a20150712d2015 em y0chiy50 ea | |
| 101 | 0 | @achi |
| 102 | @aCN@b360000 | |
| 105 | @ay z 000yy | |
| 106 | @ar | |
| 200 | 1 | @a最深情莫如诗经@9zui shen qing mo ru shi jing@f随园散人著 |
| 210 | @a南昌@c百花洲文艺出版社@d2015 | |
| 215 | @a262页@d21cm | |
| 225 | 2 | @a重温经典国学丛书 |
| 314 | @a随园散人,原名王芾立。隐于人间,以文为酒。 | |
| 330 | @a本书是一部古典诗词赏析作品。图书选取了50余首人们喜爱、广为流传的《诗经》中的作品,对其中的爱恨离别进行赏析,并加入了作者对爱情、人生的感悟。全书共分八章,分别为“问世间情为何物”“邂逅于时光深处”“相思相见知何日”“烟火人间的幸福”“生离更有死别时”“无情不似多情苦”“知我者谓我心忧”“活在珍贵的人间”。 | |
| 461 | 0 | @12001 @a重温经典国学丛书 |
| 605 | @a诗经@x诗歌欣赏 | |
| 690 | @aI207.222@v5 | |
| 701 | 0 | @a随园散人@9sui yuan san ren@4著 |
| 801 | 0 | @aCN@b上海新华@c20180901 |
| 905 | @b1172434-8@dI207.222@e1150@f5 | |
| 最深情莫如诗经/随园散人著.-南昌:百花洲文艺出版社,2015 |
| 262页;21cm.-(重温经典国学丛书) |
| ISBN 978-7-5500-1190-8:CNY28.00 |
| 本书是一部古典诗词赏析作品。图书选取了50余首人们喜爱、广为流传的《诗经》中的作品,对其中的爱恨离别进行赏析,并加入了作者对爱情、人生的感悟。全书共分八章,分别为“问世间情为何物”“邂逅于时光深处”“相思相见知何日”“烟火人间的幸福”“生离更有死别时”“无情不似多情苦”“知我者谓我心忧”“活在珍贵的人间”。 |
| ● |
| 相关链接 |
|
|
|
|
正题名:最深情莫如诗经
索取号:I207.222/1150
 
预约/预借
| 序号 | 登录号 | 条形码 | 馆藏地/架位号 | 状态 | 备注 |
| 1 | 1172434 | 211724348 | 第一样本阅览室/ [索取号:I207.222/1150] | 在馆 | |
| 2 | 1172435 | 211724357 | 密集书库-文学院/ [索取号:I207.222/1150] | 在馆 | |
| 3 | 1172436 | 211724366 | 第二借阅区/ [索取号:I207.222/1150] | 在馆 | |
| 4 | 1172437 | 211724375 | 第二借阅区/ [索取号:I207.222/1150] | 在馆 | |
| 5 | 1172438 | 211724384 | 第二借阅区/ [索取号:I207.222/1150] | 在馆 |